000 00231 a2200085 4500
020 _a978-0367680183
100 _a Linda Matthews
245 _aDesign Strategies for Reimagining the City: The Disruptive Image
260 _bRoutledge
_c2024
999 _c13184
_d13184